Readings in social psychology : (رقم التسجيلة. 117337)

تفاصيل مارك
000 -LEADER
fixed length control field 00956cam a2200301 a 4500
008 - FIXED-LENGTH DATA ELEMENTS--GENERAL INFORMATION
fixed length control field 100131s2005 maua b 000 0 eng d
020 ## - INTERNATIONAL STANDARD BOOK NUMBER
International Standard Book Number 0618403418
020 ## - INTERNATIONAL STANDARD BOOK NUMBER
International Standard Book Number 9780618403417
040 ## - CATALOGING SOURCE
Original cataloging agency COF
Transcribing agency COF
Modifying agency DLC
-- EG-GiCUC
050 00 - LIBRARY OF CONGRESS CALL NUMBER
Classification number HM1035
Item number .F45 2005
082 00 - DEWEY DECIMAL CLASSIFICATION NUMBER
Classification number 302
Edition number 21
092 04 - LOCALLY ASSIGNED DEWEY CALL NUMBER (OCLC)
Classification number 302
Item number F2991 2005
Edition number 21
099 ## - LOCAL FREE-TEXT CALL NUMBER (OCLC)
Classification number 04
-- 302 F2991 2005
100 1# - MAIN ENTRY--PERSONAL NAME
Personal name Fein, Steven.
245 10 - TITLE STATEMENT
Title Readings in social psychology :
Remainder of title the art and science of research /
Statement of responsibility, etc. Steven Fein, Saul Kassin.
250 ## - EDITION STATEMENT
Edition statement 3rd ed.
260 ## - PUBLICATION, DISTRIBUTION, ETC.
Place of publication, distribution, etc. Boston :
Name of publisher, distributor, etc. Houghton Mifflin Co.,
Date of publication, distribution, etc. c2005.
300 ## - PHYSICAL DESCRIPTION
Extent ix, 228 p. :
Other physical details ill. ;
Dimensions 26 cm.
504 ## - BIBLIOGRAPHY, ETC. NOTE
Bibliography, etc. note Includes bibliographical references.
650 #0 - SUBJECT ADDED ENTRY--TOPICAL TERM
Topical term or geographic name entry element Social psychology.
700 1# - ADDED ENTRY--PERSONAL NAME
Personal name Brehm, Sharon S.
Title of a work Social psychology.
700 1# - ADDED ENTRY--PERSONAL NAME
Personal name Kassin, Saul
902 ## - LOCAL DATA ELEMENT B, LDB (RLIN)
No. of Items 1
905 ## - LOCAL DATA ELEMENT E, LDE (RLIN)
Cataloger Ibrahim
Reviser Rev.
905 ## - LOCAL DATA ELEMENT E, LDE (RLIN)
Cataloger Jamal
Reviser Cat.
942 ## - ADDED ENTRY ELEMENTS (KOHA)
Source of classification or shelving scheme Dewey Decimal Classification
Koha item type Books
المقتنيات
Source of classification or shelving scheme Not for loan Home library Current library Date acquired Full call number Barcode Date last seen Copy number Koha item type
Dewey Decimal Classification   المكتبة المركزبة الجديدة - جامعة القاهرة قاعة الكتب - الدور الثاني 11.02.2024 302 F2991 2005 01000110192116000 23.09.2023 C.1 Books
Cairo University Libraries Portal Implemented & Customized by: Eng. M. Mohamady Contacts: new-lib@cl.cu.edu.eg | cnul@cl.cu.edu.eg
CUCL logo CNUL logo
© All rights reserved — Cairo University Libraries
CUCL logo
Implemented & Customized by: Eng. M. Mohamady Contact: new-lib@cl.cu.edu.eg © All rights reserved — New Central Library
CNUL logo
Implemented & Customized by: Eng. M. Mohamady Contact: cnul@cl.cu.edu.eg © All rights reserved — Cairo National University Library